[Event "USCL Week 3"]
[Site "Internet Chess Club"]
[Date "2011.09.12"]
[Round "?"]
[White "Schoch, Ian"]
[Black "Brattain, Mika"]
[Result "1-0"]
[WhiteElo "2292"]
[BlackElo "2208"]
[PlyCount "111"]
[EventDate "2011.??.??"]

1. d4 d5 2. c4 c6 3. Nf3 Nf6 4. g3 Bf5 5. Bg2 e6 6. O-O Nbd7 7. Nc3 Bd6 8. Nh4
Bg6 9. Nxg6 hxg6 10. Bg5 Rxh2 11. Bxf6 Rxg2+ 12. Kxg2 Nxf6 13. Rh1 Nh5 14. cxd5
exd5 15. e4 dxe4 16. Nxe4 Bc7 17. Nc5 Qd5+ 18. Qf3 O-O-O 19. Qxd5 Rxd5 20. Rad1
b6 21. Ne4 Nf6 22. Nxf6 gxf6 23. Rh7 Rd7 24. Re1 f5 25. Re8+ Bd8 26. Rf8 f6 27.
Rff7 Rxf7 28. Rxf7 b5 29. Kf3 a5 30. Ke3 Kb8 31. Kd3 Kc8 32. Rg7 g5 33. Rf7 Kb8
34. d5 cxd5 35. Rd7 Bb6 36. Ke2 Bc7 37. Rxd5 b4 38. Rxf5 Bd8 39. Kd3 Kb7 40.
Ke4 Kc6 41. Rf3 Kc5 42. b3 a4 43. bxa4 Kb6 44. Rf5 Be7 45. Kd5 Bd8 46. Kc4 Be7
47. Rb5+ Ka6 48. Rxb4 f5 49. Rb5 f4 50. gxf4 gxf4 51. Rf5 f3 52. Rxf3 Ka5 53.
Rf5+ Kxa4 54. Rf7 Bb4 55. Ra7+ Ba5 56. f4 1-0

[Event "USCL Week 3"]
[Site "Internet Chess Club"]
[Date "2011.09.12"]
[Round "?"]
[White "Battaglini, Gabriel"]
[Black "Vovsha, Eli"]
[Result "0-1"]
[WhiteElo "2420"]
[BlackElo "2531"]
[PlyCount "68"]
[EventDate "2011.??.??"]

1. e4 c5 2. c3 Nf6 3. e5 Nd5 4. d4 cxd4 5. cxd4 d6 6. f4 Nc6 7. Nc3 dxe5 8.
fxe5 Bf5 9. a3 e6 10. Nf3 Bg4 11. Be2 Be7 12. O-O O-O 13. h3 Bh5 14. Bd3 Kh8
15. Be4 Nb6 16. g4 Bg6 17. Qd3 Bxe4 18. Nxe4 Qd5 19. Bg5 Qc4 20. Qd2 Bxg5 21.
Nexg5 Qb3 22. Rae1 Nc4 23. Qf4 Nxb2 24. Rb1 Qc2 25. Rxb2 Qxb2 26. Qe4 g6 27.
Rb1 Qxa3 28. Rxb7 Qc1+ 29. Kg2 Kg8 30. Rb1 Qc4 31. Qf4 Qc2+ 32. Nd2 Rad8 33.
Nge4 Rxd4 34. Rf1 Rxe4 0-1

[Event "USCL Week 3"]
[Site "Internet Chess Club"]
[Date "2011.09.12"]
[Round "?"]
[White "Bartholomew, John"]
[Black "Klein, Mike"]
[Result "1-0"]
[WhiteElo "2499"]
[BlackElo "2304"]
[PlyCount "85"]
[EventDate "2011.??.??"]

1. d4 g6 2. c4 d6 3. Nc3 Bg7 4. e4 Nf6 5. f3 O-O 6. Nge2 e5 7. dxe5 dxe5 8.
Qxd8 Rxd8 9. Nd5 Nxd5 10. cxd5 Na6 11. Nc3 Nb4 12. Kf2 Bf8 13. Bg5 Bc5+ 14. Kg3
f5 15. exf5 gxf5 16. Bxd8 f4+ 17. Kh4 Bf5 18. Ne4 Bf8 19. Bf6 Kf7 20. a3 Nc2
21. Rc1 Ne3 22. Rxc7+ Kg6 23. g4 fxg3 24. hxg3 Nxd5 25. Rxb7 Bc8 26. Rb5 Nxf6
27. Bd3 Bf5 28. g4 Bxe4 29. Bxe4+ Nxe4 30. fxe4 Be7+ 31. Kg3 Rc8 32. Rd1 Rc2
33. Rxe5 Kf6 34. Rb5 Ke6 35. Rh1 a6 36. Rh6+ Kd7 37. Rb7+ Kd8 38. Rxa6 Rc8 39.
e5 Bf8 40. Rf6 Be7 41. Rf7 Bc5 42. b4 Be3 43. Rf8# 1-0

[Event "USCL Week 3"]
[Site "Internet Chess Club"]
[Date "2011.09.12"]
[Round "?"]
[White "Rohonyan, Katerina"]
[Black "Hernandez, Alberto"]
[Result "0-1"]
[WhiteElo "2333"]
[BlackElo "2321"]
[PlyCount "94"]
[EventDate "2011.??.??"]

1. c4 e5 2. Nc3 Nf6 3. g3 d6 4. Bg2 Be7 5. Nf3 Nbd7 6. O-O Nf8 7. d4 Ng6 8. Qc2
c6 9. Rd1 Qc7 10. b3 h5 11. Bb2 h4 12. Ng5 Ng4 13. Nd5 cxd5 14. Nxf7 Kxf7 15.
Bxd5+ Kf6 16. f4 exf4 17. e4 hxg3 18. hxg3 Ne3 19. Qd2 Nxd5 20. cxd5 Qd7 21.
e5+ Kg5 22. gxf4+ Nxf4 23. e6 Qe8 24. Rf1 Qf8 25. Bc1 Rh4 26. Rxf4 Rxf4 27. Kg2
Qf5 28. Qe3 Qg4+ 29. Qg3 Kf5 30. Bxf4 Qxg3+ 31. Bxg3 Ke4 32. Rf1 Kxd5 33. Rf7
Bf6 34. e7 Bd7 35. e8=Q Bxe8 36. Rxb7 Kxd4 37. Bf2+ Kc3 38. Rc7+ Kb2 39. Bxa7
Kxa2 40. b4 Kb3 41. Kf3 Kxb4 42. Ke4 Be5 43. Kd5 g5 44. Be3 g4 45. Rc4+ Kb5 46.
Rxg4 Bf7+ 47. Ke4 Ra4+ 0-1

[Event "USCL Week 3"]
[Site "Internet Chess Club"]
[Date "2011.09.12"]
[Round "?"]
[White "Enkhbat, Tegshsuren"]
[Black "Vigorito, David"]
[Result "1-0"]
[WhiteElo "2426"]
[BlackElo "2547"]
[PlyCount "103"]
[EventDate "2011.??.??"]

1. d4 Nf6 2. c4 g6 3. Nf3 Bg7 4. g3 O-O 5. Bg2 d6 6. O-O Nc6 7. Nc3 Rb8 8. b3
a6 9. e3 b5 10. Qe2 bxc4 11. Qxc4 Nb4 12. a3 Be6 13. Qe2 Nbd5 14. Nxd5 Bxd5 15.
Nd2 Bxg2 16. Kxg2 Rb5 17. Bb2 Qa8+ 18. Qf3 d5 19. Rfc1 Ne4 20. Nxe4 dxe4 21.
Qd1 Rfb8 22. Rxc7 Rxb3 23. Bc3 Qd5 24. Bb4 Rd3 25. Qe2 e5 26. Rac1 Rd8 27. R1c5
Qe6 28. R7c6 Qe8 29. Ba5 Bf8 30. Bxd8 Bxc5 31. Rxc5 Qxd8 32. Rxe5 Rxa3 33. Rxe4
Qd5 34. Qf3 Kg7 35. Re7 Qxf3+ 36. Kxf3 a5 37. Ra7 Kf6 38. h4 h5 39. Kf4 Ra2 40.
f3 a4 41. e4 a3 42. d5 Kg7 43. Ke5 Ra1 44. d6 a2 45. f4 Kg8 46. Kf6 Rd1 47.
Ra8+ Kh7 48. Rxa2 Rxd6+ 49. Kxf7 Rd3 50. e5 Rxg3 51. e6 Rf3 52. Ra4 1-0

[Event "USCL Week 3"]
[Site "Internet Chess Club"]
[Date "2011.09.12"]
[Round "?"]
[White "Milman, Lev"]
[Black "Matros, Alexander"]
[Result "1/2-1/2"]
[WhiteElo "2490"]
[BlackElo "2440"]
[PlyCount "135"]
[EventDate "2011.??.??"]

1. d4 d5 2. c4 e6 3. Nf3 c6 4. e3 f5 5. Bd3 Nf6 6. Ne5 Bd6 7. f4 O-O 8. O-O c5
9. Nd2 Nc6 10. Ndf3 Qb6 11. Qe2 Ne4 12. b3 cxd4 13. Nxc6 bxc6 14. exd4 c5 15.
Be3 Bd7 16. Rac1 Rac8 17. Kh1 Rfd8 18. Rc2 Qb8 19. cxd5 exd5 20. Ba6 Rc6 21.
Bb5 Rcc8 22. Bxd7 Rxd7 23. dxc5 Bxc5 24. Rfc1 Rdc7 25. Bxc5 Rxc5 26. Rxc5 Rxc5
27. Rxc5 Nxc5 28. Qe7 Nd3 29. Qe6+ Kh8 30. Qxd5 Nxf4 31. Qxf5 h6 32. Ne5 Qb4
33. Qc8+ Kh7 34. Qc2+ Kh8 35. Qc8+ Kh7 36. Qc2+ Kh8 37. Nf3 Qd6 38. Qc8+ Kh7
39. Qc2+ Kh8 40. h3 Qd5 41. Qc8+ Kh7 42. Qc2+ Kh8 43. b4 Nd3 44. a3 Qe4 45. Qd2
Kh7 46. Kg1 Nf4 47. Kh2 Nd3 48. Kg1 Nf4 49. Ne1 Kh8 50. Qd8+ Kh7 51. Qd2 Kh8
52. a4 Nd5 53. Nc2 Qc4 54. a5 a6 55. Kh2 Kg8 56. Kg1 Nc3 57. Kh2 Ne4 58. Qd8+
Kh7 59. Nd4 Qd3 60. Qd5 Qg3+ 61. Kg1 Qf2+ 62. Kh2 Qf4+ 63. Kg1 Ng3 64. Nf3 Qe3+
65. Kh2 Nf1+ 66. Kh1 Ng3+ 67. Kh2 Nf1+ 68. Kh1 1/2-1/2

[Event "USCL Week 3"]
[Site "Internet Chess Club"]
[Date "2011.09.12"]
[Round "?"]
[White "Mabe, Chris"]
[Black "Black, James"]
[Result "0-1"]
[WhiteElo "2296"]
[BlackElo "2184"]
[PlyCount "138"]
[EventDate "2011.??.??"]

1. c4 e5 2. g3 c6 3. d4 e4 4. Nc3 d5 5. Bg2 h6 6. cxd5 cxd5 7. f3 exf3 8. Nxf3
Nf6 9. O-O Be7 10. Nh4 Nc6 11. e3 Be6 12. Nf5 Bf8 13. Qb3 Qd7 14. Nh4 Be7 15.
Bd2 O-O 16. Rae1 g6 17. Qd1 Kg7 18. a3 Rad8 19. b4 a6 20. Qb1 b5 21. Rc1 Ng8
22. Be1 f5 23. Nf3 Bd6 24. Nd2 Nf6 25. Nb3 Qe8 26. Nc5 Bc8 27. Bf2 Bb8 28. Qb3
Ne7 29. a4 h5 30. axb5 axb5 31. Ra1 Qc6 32. Ra5 Ng4 33. Nxb5 h4 34. Na7 Qc7 35.
Nxc8 Qxc8 36. Be1 Rh8 37. h3 Nf6 38. gxh4 Rde8 39. Ra6 Nc6 40. Qa4 Nd8 41. Bf2
Qc7 42. Ra1 Re7 43. Qb5 Nf7 44. Qb6 Qh2+ 45. Kf1 Nd6 46. Ra8 Nc4 47. Ne6+ Kh6
48. Qc6 Rhe8 49. Nc7 Nd2+ 50. Ke2 Rxe3+ 51. Bxe3+ Rxe3+ 52. Kxe3 Nc4+ 53. Kd3
Qg3+ 54. Kc2 Qxg2+ 55. Kb3 Qb2+ 56. Ka4 Qxa1+ 57. Kb5 Nd6+ 58. Kb6 Qxd4+ 59.
Ka6 Bxc7 60. Qc1+ f4 61. Qxc7 Qa1+ 62. Qa5 Qxa5+ 63. bxa5 f3 64. Rb8 f2 65. Rb1
Nfe4 66. Rf1 d4 67. Ka7 d3 68. Kb8 d2 69. a6 Nb5 0-1

[Event "USCL Week 3"]
[Site "Internet Chess Club"]
[Date "2011.09.12"]
[Round "?"]
[White "Adelberg, David"]
[Black "Amanov, Mesgen"]
[Result "0-1"]
[WhiteElo "2354"]
[BlackElo "2576"]
[PlyCount "90"]
[EventDate "2011.??.??"]

1. d4 d5 2. c4 e6 3. Nf3 Nf6 4. g3 dxc4 5. Bg2 a6 6. O-O Nc6 7. Nc3 Rb8 8. e4
Be7 9. Qe2 b5 10. Rd1 O-O 11. d5 exd5 12. e5 d4 13. exf6 Bxf6 14. Qe4 Bb7 15.
Nd5 Nb4 16. Nxf6+ Qxf6 17. Qf4 c5 18. Qxf6 gxf6 19. Bf4 Rbc8 20. Bd6 Rfd8 21.
Be7 Re8 22. Bxf6 h6 23. g4 Nd3 24. Rd2 Nf4 25. Nh4 Nxg2 26. Nxg2 Re6 27. Bh4 b4
28. Nf4 c3 29. bxc3 bxc3 30. Rdd1 Rb6 31. Rdb1 Rxb1+ 32. Rxb1 Bf3 33. Bf6 c2
34. Rc1 Rb8 35. Kf1 Rb1 36. Nd3 Be4 37. Ke2 Bxd3+ 38. Kd2 Be4 39. h4 Kh7 40. g5
hxg5 41. hxg5 Kg6 42. f4 Kf5 43. Be5 Ke6 44. Bf6 Kd5 45. Be5 c4 0-1

[Event "USCL Week 3"]
[Site "Internet Chess Club"]
[Date "2011.09.12"]
[Round "?"]
[White "Cozianu, Costin"]
[Black "Moreno Roman, Alejandro"]
[Result "0-1"]
[WhiteElo "2508"]
[BlackElo "2330"]
[PlyCount "102"]
[EventDate "2011.??.??"]

1. d4 Nf6 2. Nf3 e6 3. c4 c5 4. d5 exd5 5. cxd5 d6 6. Nc3 g6 7. g3 Bg7 8. Bg2
O-O 9. O-O a6 10. a4 Re8 11. Bf4 Nbd7 12. Bxd6 Qb6 13. Bf4 Qxb2 14. Rc1 b5 15.
Bd2 Ne4 16. Nxe4 Rxe4 17. Rb1 Qa2 18. axb5 axb5 19. Rxb5 Qc4 20. Ra5 Rxa5 21.
Bxa5 Qxe2 22. Qxe2 Rxe2 23. Nd2 Ba6 24. Rd1 Bd4 25. Nf3 Bxf2+ 26. Kh1 Rc2 27.
Bf1 Bxf1 28. Rxf1 Kf8 29. Ng5 Ke7 30. Bc7 f6 31. Ne4 Bd4 32. Bd6+ Kf7 33. Rb1
Rb2 34. Rxb2 Bxb2 35. Nxc5 Nb6 36. Nd3 Bc3 37. Nf4 g5 38. Ne2 Nxd5 39. g4 Ke6
40. Ba3 Be5 41. Kg2 Ne3+ 42. Kf3 Nc4 43. Bc1 Bxh2 44. Nd4+ Kd5 45. Nf5 Ne5+ 46.
Kg2 Nxg4 47. Kh3 h5 48. Ng7 Be5 49. Nxh5 Nf2+ 50. Kg2 Nd3 51. Bd2 Ke4 0-1

[Event "USCL Week 3"]
[Site "Internet Chess Club"]
[Date "2011.09.12"]
[Round "?"]
[White "Alvarez, Ernesto"]
[Black "Kelley, Dereque"]
[Result "0-1"]
[WhiteElo "2207"]
[BlackElo "2241"]
[PlyCount "118"]
[EventDate "2011.??.??"]

1. d4 Nf6 2. c4 e6 3. Nc3 Bb4 4. a3 Bxc3+ 5. bxc3 c5 6. f3 d5 7. cxd5 Nxd5 8.
dxc5 Qa5 9. e4 Nf6 10. Be3 O-O 11. Qb3 Nfd7 12. Bc4 Qc7 13. Ne2 Nxc5 14. Qa2 b6
15. Nd4 Nc6 16. Rd1 Na5 17. Be2 Bd7 18. Kf2 Rac8 19. Nb5 Bxb5 20. Bxb5 Qe5 21.
Qb2 a6 22. Be2 Na4 23. Qa1 Nxc3 24. Rb1 Qf6 25. e5 Qh4+ 26. g3 Qa4 27. Rb4 Qc2
28. Rb2 Qf5 29. Bxa6 Ra8 30. Be2 Nxe2 31. Rxe2 Nc4 32. Qb1 Qxb1 33. Rxb1 Rxa3
34. Bxb6 Rb8 35. Rc2 Ra4 36. Rcc1 f6 37. Bc7 Rc8 38. Bb8 fxe5 39. Bxe5 Rf8 40.
Ra1 Nxe5 41. Rxa4 Nd3+ 42. Ke3 Nxc1 43. Ra6 Kf7 44. Ra3 Rb8 45. Ke4 Kf6 46. Ra7
Rb2 47. h4 Nb3 48. Rc7 Rb1 49. g4 Rc1 50. g5+ Kg6 51. h5+ Kxg5 52. Rxg7+ Kh6
53. Re7 Nc5+ 54. Ke5 Re1+ 55. Kd6 Nb3 56. f4 Nd4 57. Kd7 Re4 58. Rf7 Kxh5 59.
Rxh7+ Kg4 0-1

[Event "USCL Week 3"]
[Site "Internet Chess Club"]
[Date "2011.09.14"]
[Round "?"]
[White "Kapengut, Albert"]
[Black "Bonin, Jay"]
[Result "1/2-1/2"]
[WhiteElo "2374"]
[BlackElo "2438"]
[PlyCount "45"]
[EventDate "2011.??.??"]

1. e4 c5 2. Nf3 Nc6 3. Bb5 g6 4. O-O Bg7 5. Re1 Nf6 6. c3 O-O 7. h3 d5 8. e5
Ne8 9. d4 cxd4 10. cxd4 Bd7 11. Nc3 Nc7 12. Bf1 Be8 13. Rb1 f6 14. exf6 exf6
15. b4 Bf7 16. b5 Na5 17. Qa4 b6 18. Ba3 Re8 19. Bb4 Nc4 20. Qc2 Nd6 21. a4 Qd7
22. Bd3 Rxe1+ 23. Rxe1 1/2-1/2

[Event "USCL Week 3"]
[Site "Internet Chess Club"]
[Date "2011.09.14"]
[Round "?"]
[White "Fisher, William"]
[Black "Matlin, Anna"]
[Result "1-0"]
[WhiteElo "2369"]
[BlackElo "2082"]
[PlyCount "75"]
[EventDate "2011.??.??"]

1. d4 Nf6 2. c4 g6 3. Nc3 d5 4. cxd5 Nxd5 5. Bd2 Bg7 6. e4 Nb6 7. Be3 O-O 8.
Be2 c6 9. Nf3 Bg4 10. Qd3 Na6 11. O-O Bxf3 12. Bxf3 e5 13. d5 cxd5 14. exd5 f5
15. Be2 Rc8 16. d6 Kh8 17. Kh1 Nb4 18. Qb5 Nc6 19. Qd3 Nd4 20. Nb5 Nxb5 21.
Qxb5 Qxd6 22. Rfd1 Qc6 23. Qa5 f4 24. Rac1 Qf6 25. Bc5 Rfd8 26. Rxd8+ Rxd8 27.
Qxa7 Nd7 28. Bb4 e4 29. Bc3 Qb6 30. Qxb6 Nxb6 31. Ba5 Bd4 32. Rd1 Kg8 33. Bc3
Bf6 34. Bxf6 Rxd1+ 35. Bxd1 Kf8 36. Bg5 Nd5 37. Bb3 e3 38. fxe3 1-0

[Event "USCL Week 3"]
[Site "Internet Chess Club"]
[Date "2011.09.14"]
[Round "?"]
[White "Hua, Margaret"]
[Black "Xiong, Jeffery"]
[Result "0-1"]
[WhiteElo "1981"]
[BlackElo "2237"]
[PlyCount "62"]
[EventDate "2011.??.??"]

1. e4 c5 2. Nf3 d6 3. d4 cxd4 4. Nxd4 Nf6 5. Nc3 g6 6. Be3 Bg7 7. f3 O-O 8. Qd2
Nc6 9. O-O-O d5 10. exd5 Nxd5 11. Nxc6 bxc6 12. Nxd5 cxd5 13. Qxd5 Qc7 14. Qc5
Qb7 15. b3 Bf5 16. Qa5 Rac8 17. Bd3 Qc6 18. Bxf5 gxf5 19. c4 Qg6 20. g3 Rc6 21.
Qd2 a5 22. h4 a4 23. h5 Qe6 24. h6 axb3 25. hxg7 Qxc4+ 26. Kb2 Rb8 27. Rc1
bxa2+ 28. Ka1 Rb1+ 29. Rxb1 axb1=Q+ 30. Kxb1 Qb3+ 31. Qb2 Qd3+ 0-1

[Event "USCL Week 3"]
[Site "Internet Chess Club"]
[Date "2011.09.14"]
[Round "?"]
[White "Bartell, Tom"]
[Black "Gulko, Boris"]
[Result "1/2-1/2"]
[WhiteElo "2405"]
[BlackElo "2587"]
[PlyCount "67"]
[EventDate "2011.??.??"]

1. d4 d6 2. c4 e5 3. Nf3 e4 4. Ng5 f5 5. Nc3 c6 6. Nh3 Be7 7. g3 Nf6 8. Bg2 O-O
9. O-O Na6 10. f3 Qb6 11. Kh1 Be6 12. d5 Bd7 13. Nf4 Nc5 14. b3 a5 15. Rb1 Rfe8
16. Be3 Bf8 17. Bd4 Qd8 18. a3 cxd5 19. Ncxd5 Nxd5 20. Nxd5 exf3 21. Bxf3 Ra6
22. b4 axb4 23. axb4 Ne4 24. b5 Ra3 25. Qc1 Ra2 26. Nc3 Nxc3 27. Qxc3 Rexe2 28.
Bxe2 Rxe2 29. Rbe1 Qe8 30. Rxe2 Qxe2 31. Re1 Qa2 32. Ra1 Qe2 33. Re1 Qa2 34.
Ra1 1/2-1/2

[Event "USCL Week 3"]
[Site "Internet Chess Club"]
[Date "2011.09.14"]
[Round "?"]
[White "Esserman, Marc"]
[Black "Fedorowicz, John"]
[Result "1/2-1/2"]
[WhiteElo "2554"]
[BlackElo "2523"]
[PlyCount "95"]
[EventDate "2011.??.??"]

1. e4 c5 2. Nf3 e6 3. d4 cxd4 4. c3 d3 5. Bxd3 d6 6. c4 Nf6 7. Nc3 a6 8. O-O
Nbd7 9. h3 Qc7 10. Be3 Be7 11. Rc1 b6 12. Qe2 Bb7 13. Bb1 O-O 14. Nd2 Rfe8 15.
a3 Bf8 16. b4 Rac8 17. f4 Qb8 18. Bd3 Rc6 19. Qf2 Ba8 20. g4 Kh8 21. g5 Ng8 22.
Nf3 Rec8 23. Qh4 Rxc4 24. Bxc4 Rxc4 25. Nd2 Rc8 26. Ne2 Ne7 27. Rxc8 Qxc8 28.
Rc1 Qb7 29. Nd4 Kg8 30. Qg4 e5 31. Nf5 Ng6 32. h4 exf4 33. Bxf4 Nxf4 34. Qxf4
Ne5 35. Qg3 b5 36. Qc3 Qa7+ 37. Qd4 Qd7 38. Kh2 Bc6 39. Kg3 h6 40. Rg1 hxg5 41.
hxg5 g6 42. Nh6+ Bxh6 43. gxh6 Qg4+ 44. Kf2 Qh4+ 45. Kg2 Qg5+ 46. Kf2 Qh4+ 47.
Kg2 Qg5+ 48. Kf2 1/2-1/2

[Event "USCL Week 3"]
[Site "Internet Chess Club"]
[Date "2011.09.14"]
[Round "?"]
[White "Herman, Matt"]
[Black "Martirosov, Vadim"]
[Result "0-1"]
[WhiteElo "2426"]
[BlackElo "2329"]
[PlyCount "84"]
[EventDate "2011.??.??"]

1. e4 e5 2. Nf3 d6 3. d4 exd4 4. Qxd4 Nf6 5. Bg5 Be7 6. Nc3 O-O 7. O-O-O Nc6 8.
Qd2 a6 9. Kb1 Be6 10. Bd3 Ne5 11. Nxe5 dxe5 12. f4 h6 13. h4 exf4 14. Qxf4 Ng4
15. Bxe7 Qxe7 16. Nd5 Qd6 17. Qxd6 cxd6 18. Nb6 Nf2 19. Nxa8 Rxa8 20. Rhf1 Nxd1
21. Rxd1 Kf8 22. Be2 Ke7 23. Bf3 g5 24. hxg5 hxg5 25. e5 dxe5 26. Bxb7 Ra7 27.
Bf3 g4 28. Be2 a5 29. c4 Rd7 30. Rxd7+ Bxd7 31. Kc2 f5 32. Kd3 Bc6 33. Bf1 f4
34. Ke2 Kd6 35. b3 Kc5 36. a3 a4 37. bxa4 Kxc4 38. Kf2+ Kc5 39. g3 Bxa4 40. Bd3
Bd7 41. Bg6 Kd4 42. Bf7 f3 0-1

[Event "USCL Week 3"]
[Site "Internet Chess Club"]
[Date "2011.09.14"]
[Round "?"]
[White "Kacheishvili, Giorgi"]
[Black "Sammour-Hasbun, Jorge"]
[Result "0-1"]
[WhiteElo "2653"]
[BlackElo "2604"]
[PlyCount "68"]
[EventDate "2011.??.??"]

1. c4 e6 2. Nc3 d5 3. d4 c6 4. e4 dxe4 5. Nxe4 Bb4+ 6. Bd2 Qxd4 7. Bxb4 Qxe4+
8. Be2 Na6 9. Ba5 f6 10. Qd8+ Kf7 11. f3 Qc2 12. Bc3 e5 13. f4 e4 14. Rd1 Nc5
15. Bb4 b6 16. Bxc5 bxc5 17. Nh3 Qxb2 18. O-O Qxe2 19. Ng5+ fxg5 20. fxg5+ Kg6
21. Qe8+ Kxg5 22. Qe5+ Kh6 23. Rd6+ g6 24. Qxh8 Qe3+ 25. Kh1 Qg5 26. Rxc6 Bd7
27. Rc7 Rf8 28. Qa1 Nf6 29. Qe1 e3 30. Rxa7 Bc6 31. Qe2 Rd8 32. Rxf6 Rd1+ 33.
Rf1 Qxg2+ 34. Qxg2 Rxf1# 0-1

[Event "USCL Week 3"]
[Site "Internet Chess Club"]
[Date "2011.09.14"]
[Round "?"]
[White "Banawa, Joaquin"]
[Black "Holt, Conrad"]
[Result "0-1"]
[WhiteElo "2366"]
[BlackElo "2520"]
[PlyCount "78"]
[EventDate "2011.??.??"]

1. d4 d5 2. c4 c6 3. Nf3 Nf6 4. Nc3 dxc4 5. a4 Bf5 6. e3 e6 7. Bxc4 Bb4 8. O-O
O-O 9. Qe2 Bg4 10. h3 Bh5 11. g4 Bg6 12. Ne5 Nbd7 13. Nxg6 hxg6 14. Rd1 Qe7 15.
e4 Rfd8 16. e5 Nd5 17. Ne4 a5 18. Bg5 f6 19. exf6 gxf6 20. Be3 Rf8 21. Bxd5
cxd5 22. Ng3 f5 23. Bh6 Rf7 24. Qe3 Qh4 25. Qg5 Qxg5 26. Bxg5 fxg4 27. hxg4 Nf6
28. Bxf6 Rxf6 29. Rd3 Raf8 30. Rf1 Rf3 31. Rdd1 Rb3 32. Rb1 Rf4 33. Kg2 Rxg4
34. Rfd1 Bd6 35. Rbc1 Bxg3 36. fxg3 Rbxg3+ 37. Kf2 Rg2+ 38. Kf3 g5 39. Rc8+ Kf7
0-1

[Event "USCL Week 3"]
[Site "Internet Chess Club"]
[Date "2011.09.14"]
[Round "?"]
[White "Krasik, Ilya"]
[Black "Bodek, Michael"]
[Result "0-1"]
[WhiteElo "2264"]
[BlackElo "2288"]
[PlyCount "98"]
[EventDate "2011.??.??"]

1. d4 Nf6 2. Bg5 e6 3. e4 d5 4. e5 h6 5. Be3 Nfd7 6. f4 b6 7. c4 c6 8. Nf3 Be7
9. Nc3 Bb7 10. cxd5 cxd5 11. Bd3 g6 12. O-O h5 13. Ng5 Bxg5 14. fxg5 a6 15. Qc2
Rg8 16. Qf2 Qe7 17. b4 b5 18. a4 Nc6 19. axb5 Nxb4 20. Be2 Kf8 21. bxa6 Bxa6
22. Ra4 Rg7 23. Rfa1 Nb6 24. Rxa6 Nxa6 25. Rxa6 Rxa6 26. Bxa6 Qa3 27. Qf6 Rg8
28. Qd8+ Kg7 29. Qxb6 Qxc3 30. Kf2 Qc2+ 31. Be2 Ra8 32. Qc5 Qf5+ 33. Bf3 Qd3
34. Qc1 Ra2+ 35. Kg3 Ra3 36. Bf2 Ra2 37. Qe3 Qc4 38. h4 Rc2 39. Qf4 Qf1 40. Qe3
Qc4 41. Be1 Rb2 42. Ba5 Qc2 43. Bd8 Kg8 44. Bf6 Kh7 45. Qa3 Qf2+ 46. Kh3 Rb1
47. g3 Rg1 48. Bxh5 Rh1+ 49. Kg4 Qf5# 0-1

[Event "USCL Week 3"]
[Site "Internet Chess Club"]
[Date "2011.09.14"]
[Round "?"]
[White "Kraai, Jesse"]
[Black "Amanov, Zhanibek"]
[Result "1-0"]
[WhiteElo "2567"]
[BlackElo "2472"]
[PlyCount "61"]
[EventDate "2011.??.??"]

1. Nf3 Nf6 2. g3 g6 3. Bg2 Bg7 4. O-O O-O 5. c4 c5 6. Nc3 Nc6 7. d4 d6 8. dxc5
dxc5 9. Be3 Qa5 10. Qb3 Ng4 11. Bd2 Qb4 12. Na4 Qxb3 13. axb3 Rb8 14. Nxc5 Bxb2
15. Ra2 Bg7 16. h3 Nge5 17. Nxe5 Bxe5 18. b4 Bd6 19. Rb1 Rd8 20. Ne4 Bc7 21. b5
Ne5 22. Bf4 Bf5 23. Rxa7 Rd4 24. b6 Bd6 25. Nxd6 Bxb1 26. Nxf7 Rxf4 27. Nxe5
Rd4 28. Rxb7 Rd1+ 29. Kh2 Rf8 30. Rxe7 Rxf2 31. b7 1-0

[Event "USCL Week 3"]
[Site "Internet Chess Club"]
[Date "2011.09.14"]
[Round "?"]
[White "Sevian, Samuel"]
[Black "Kavutskiy, Konstantin"]
[Result "1/2-1/2"]
[WhiteElo "2262"]
[BlackElo "2277"]
[PlyCount "112"]
[EventDate "2011.??.??"]

1. e4 e6 2. d3 d5 3. Nd2 Nf6 4. Ngf3 c5 5. g3 Nc6 6. Bg2 Be7 7. O-O Qc7 8. Re1
b6 9. c3 Bb7 10. a4 a5 11. exd5 Nxd5 12. Nc4 O-O 13. Qe2 Rad8 14. h4 h6 15. Nh2
Rfe8 16. Ng4 Kh8 17. Nge5 Bf6 18. Ng4 Be7 19. Nce5 Bf8 20. Nxc6 Bxc6 21. Ne5
Ba8 22. Bd2 Kg8 23. Rad1 Bb7 24. c4 Nf6 25. Bc3 Bxg2 26. Kxg2 Nd7 27. Nxd7 Rxd7
28. b3 Red8 29. Qe4 Qb7 30. Qxb7 Rxb7 31. Re3 Rbd7 32. Kf3 h5 33. Ke2 g6 34.
Bf6 Be7 35. Bb2 Bf8 36. Bf6 Be7 37. Bb2 Kh7 38. Rf3 f5 39. Re3 Rd6 40. f4 Kg8
41. Be5 Rc6 42. d4 cxd4 43. Rxd4 Rxd4 44. Bxd4 Kf7 45. Rd3 Bb4 46. Be5 Ke7 47.
Ke3 Be1 48. Ke2 Bb4 49. Ke3 Rc8 50. Ke2 Ra8 51. Kf3 Ra7 52. Ke2 Rd7 53. Bf6+
Ke8 54. Rxd7 Kxd7 55. Be5 Kc6 56. Bf6 Kd6 1/2-1/2

[Event "USCL Week 3"]
[Site "Internet Chess Club"]
[Date "2011.09.14"]
[Round "?"]
[White "Khachiyan, Melikset"]
[Black "Bhat, Vinay"]
[Result "0-1"]
[WhiteElo "2563"]
[BlackElo "2555"]
[PlyCount "108"]
[EventDate "2011.??.??"]

1. e4 e5 2. Nf3 Nc6 3. Bc4 Bc5 4. c3 Nf6 5. d3 a6 6. Bb3 Ba7 7. Nbd2 O-O 8. O-O
d6 9. h3 h6 10. Re1 Re8 11. Nf1 Be6 12. Ng3 Bxb3 13. axb3 d5 14. Qe2 Qd7 15.
Nh4 Rad8 16. Nhf5 dxe4 17. dxe4 Qd3 18. Be3 Qxe2 19. Rxe2 Bxe3 20. Nxe3 a5 21.
Ree1 Rd7 22. Red1 Red8 23. Rxd7 Nxd7 24. Nc4 b6 25. Rd1 f6 26. Nf1 Kf7 27. f3
Nc5 28. Rxd8 Nxd8 29. Nfd2 Nde6 30. g3 Nd3 31. Kf1 Nec5 32. h4 h5 33. g4 Kg6
34. Kg2 Nc1 35. b4 axb4 36. cxb4 N5d3 37. b5 Ne2 38. Ne3 Nd4 39. Nf5 hxg4 40.
fxg4 Nxb2 41. h5+ Kf7 42. g5 fxg5 43. Nf3 Nxf3 44. Kxf3 Nd1 45. Ke2 Nc3+ 46.
Kd3 Nxb5 47. Ne3 Nd4 48. Kc4 c6 49. Ng4 Ke6 50. Ne3 Ne2 51. Nf5 Kf6 52. h6 gxh6
53. Nxh6 Nd4 54. Ng4+ Ke6 0-1